UEFA Champions League Winners If A Team Could Only Win It Once - Statistics

General Stats
  • This quiz has been taken 1,401 times
    1,346 since last reset
  • The average score is 39 of 67
Answer Stats
Year Original Winner New Winner % Correct
1956 Real Madrid Real Madrid
94%
1961 Benfica Benfica
93%
1964 Inter Milan Inter Milan
93%
1958 Real Madrid Milan
93%
1992 Barcelona Barcelona
91%
1974 Bayern Munich Bayern Munich
91%
1969 Milan Ajax
90%
1997 Borussia Dortmund Borussia Dortmund
90%
1965 Inter Milan Liverpool
90%
1968 Manchester United Manchester United
90%
1987 Porto Porto
90%
1982 Aston Villa Aston Villa
89%
1973 Ajax Juventus
89%
2004 Porto Chelsea
87%
1988 PSV Eindhoven PSV Eindhoven
86%
2015 Barcelona Manchester City
85%
1979 Nottingham Forest Nottingham Forest
85%
1967 Celtic Celtic
84%
1970 Feyenoord Feyenoord
84%
1990 Milan Marseille
81%
1995 Ajax Paris Saint-Germain
81%
1980 Nottingham Forest Hamburg
79%
1991 Red Star Belgrade Red Star Belgrade
79%
1962 Benfica Tottenham Hotspur
79%
1972 Ajax Arsenal
78%
2014 Real Madrid Atlético Madrid
77%
1984 Liverpool Roma
69%
2000 Real Madrid Valencia
69%
2001 Bayern Munich Lyon
68%
1986 Steaua Bucharest Steaua Bucharest
68%
1994 Milan Monaco
65%
2009 Barcelona Sporting Lisbon
65%
1993 Marseille Rangers
63%
1998 Real Madrid Bayer Leverkusen
61%
2019 Liverpool Napoli
60%
2018 Real Madrid Sevilla
59%
2006 Barcelona Villarreal
56%
2020 Bayern Munich RB Leipzig
54%
2011 Barcelona Schalke
47%
1957 Real Madrid Fiorentina
46%
1975 Bayern Munich Leeds United
45%
1960 Real Madrid Eintracht Frankfurt
44%
2007 Milan Lille
43%
1999 Manchester United Dynamo Kyiv
40%
1959 Real Madrid Reims
40%
1977 Liverpool Borussia Mönchengladbach
39%
1978 Liverpool Club Brugge
39%
2002 Real Madrid Deportivo La Coruña
39%
1989 Milan Galatasaray
37%
2017 Real Madrid Leicester City
36%
2021 Chelsea Atalanta
35%
2016 Real Madrid Wolfsburg
33%
1966 Real Madrid Partizan
31%
1985 Juventus Bordeaux
29%
1976 Bayern Munich Saint-Étienne
29%
2013 Bayern Munich Málaga
27%
1983 Hamburg Real Sociedad
27%
2010 Inter Milan Stuttgart
27%
2005 Liverpool Werder Bremen
27%
1971 Ajax Panathinaikos
26%
2008 Manchester United Fenerbahçe
25%
1996 Juventus Nantes
23%
2003 Milan Basel
18%
2022 Real Madrid Red Bull Salzburg
18%
2012 Chelsea APOEL
15%
1963 Milan Dundee
8%
1981 Liverpool CSKA Sofia
7%
No matching quizzes found
Score Distribution
Percent of People with Each Score
Percentile by Number Answered
Your Score History
You have not taken this quiz since the last reset